000 02931cam a2200505 4500
999 _c48130
_d48130
001 1219016
003 Nust
005 20170110103935.0
008 730529s1936 nyu 000 1 eng
010 _a 36027334
020 _a9780330323499 (pbk)
040 _aDLC
_cDLC
_dDLC
050 0 0 _aPS3525.I972
_bG6 1936
051 _aPS3525.I972
_bG6 1936 Copy 2
_cCopy 18. In dust jacket. Signed inscription to A.W. Stern by author on front free endpaper. Gift of Thomas Stern, Sept. 4, 1997. Accompanied by three typescript letters, one signed by M. Mitchell, from a correspondence between A.W. Stern and the author.
051 _aPS3525.I972
_bG6 1936b
_cAnother impression. "Published June 1936"--Verso of t.p.
051 _aPS3525.I972
_bG6 1936b Copy 2
_cCopy 2 of preceding impression. Copyright deposit (96258), July 1, 1936.
051 _aMicrofilm 77930 PZ
_cReplaces LC copy 11.
082 0 0 _a813.52
_bMIT
100 1 _aMitchell, Margaret,
_d1900-1949.
245 1 0 _aGone with the wind /
_cby Margaret Mitchell.
260 _aNew York :
_bMacmillan,
_c1988.
300 _a1011 p. ;
_c22 cm.
500 _a"Published May 1936"--Verso of t.p. Actual publication of the 1st ed. was delayed to June 30, 1936. Cf. Gone with the wind as book and film / Richard Harwell. c1983. P. [xv].
500 _aLC copy has dust jacket. Newspaper clipping from the Parade section, Oct. 31, 1976 and magazine clipping from Publishers weekly, Sept. 6, 1976 on author laid in.
_5DLC
500 _aSource: Gift of Herman Finkelstein, Dec. 30, 1980.
_5DLC
600 1 0 _aO'Hara, Scarlett
_c(Fictitious character)
_vFiction.
650 0 _aWomen
_zGeorgia
_vFiction.
650 0 _aPlantation life
_vFiction.
651 0 _aGeorgia
_xHistory
_yCivil War, 1861-1865
_vFiction.
655 7 _aHistorical fiction.
_2gsafd
655 7 _aWar stories.
_2gsafd
710 2 _aHerman Finkelstein Collection (Library of Congress)
_5DLC
710 2 _aAlfred Whital Stern Collection of Lincolniana (Library of Congress)
_5DLC
710 2 _aRouben Mamoulian Collection (Library of Congress)
_5DLC
906 _a7
_bcbc
_corignew
_du
_eocip
_f19
_gy-gencatlg
942 _2ddc
_cBK